[Event "Mittelfranken-ch NT 58th"]
[Site "Postbauer"]
[Date "2009.04.08"]
[Round "1"]
[White "Schneider, Dominik1111"]
[Black "Hofmann, David"]
[Result "1-0"]
[WhiteElo "1666"]
[BlackElo "1095"]
[PlyCount "27"]
[EventDate "2009.04.08"]
[EventType "swiss"]
[EventRounds "7"]
[EventCountry "GER"]
[SourceTitle "EXT 2015"]
[Source "ChessBase"]
[SourceDate "2014.11.20"]
[SourceVersion "1"]
[SourceVersionDate "2014.11.20"]
[SourceQuality "1"]

1. e4 e5 2. Nf3 Nc6 3. d4 exd4 4. Nxd4 Nf6 5. Bg5 Be7 6. Nxc6 dxc6 7. Nc3 Nxe4 8. Qxd8+ Bxd8 9. Nxe4 Bf5 10. Bxd8 Rxd8 11. Bd3 Rd5 12. Rd1 0-0 13. 0-0 Rfd8 14. Nc3 1-0